Disney - Charakter mit "D" - Statistiken

Allgemein
  • Dieses Quiz wurde 102 mal gespielt
    98 seit der letzten Aktualisierung
  • Das Durchschnittsergebnis liegt bei 9 aus 39
Antwortstatistiken
Film /Serie/ Ort Disneyfigur % Korrekt
..., der fliegende Elefant Dumbo
97%
Entenhausen Donald Duck
96%
Entenhausen Dagobert Duck
91%
Entenhausen Daisy Duck
80%
Findet Nemo Dorie
64%
... - Spielzeugärztin Doc McStuffins
53%
Aladdin Dschafar
49%
Aladdin Dschinni
45%
Ralph reicht's 2 - Chaos im Netz Double Dan
39%
Entenhausen Daniel Düsentrieb
32%
Phineas & Ferb Dr. Heinz Doofenschmirtz
32%
Cinderella Drizella
30%
Aristocats Duchesse
23%
Guardians of the Galaxy Drax der Zerstörer
19%
Willkommen in Gravity Falls Dipper Pines
18%
Entenhausen Dussel Duck
16%
Fluch der Karibik 2 Davy Jones
12%
Entenhausen Ducky Duck
12%
Entenhausen Dicky Duck
11%
Entenhausen Dacky Duck
9%
Entenhausen Dorette Duck
9%
Spiderman 2 Doctor Octopus
8%
Küss den Frosch Dr. Facilier
8%
Entenhausen Della Duck
7%
Bolt - Ein Hund für alle Fälle Dr. Calico
7%
Encanto Dolores Madrigal
5%
Entenhausen Donna Duck
5%
Entenhausen Dieter Düsentrieb
4%
Planes Dusty Crophopper
4%
A World Beyond David Nix
3%
Das Haus der 101 Dalmatiner Doug
3%
Das Haus der 101 Dalmatiner Dylan
3%
A Toy Story - Alles hört auf kein Kommando Duke Caboom
1%
Susi & Strolch Dachsie
0%
Susi & Strolch Devon
0%
Zoomania Dharma Armadillo
0%
Maleficent Diaval
0%
Arlo & Spot Donnerknall
0%
Avengers - Gemeinsam unbesiegbar Dracula
0%
Keine übereinstimmenden Quizze gefunden
Verteilung der Resultate
Anzahl Personen mit jedem Resultat
Perzentil nach korrekt beantworteten Fragen
Ihre Resultats-Entwicklung
Sie haben dieses Quiz seit der letzten Aktualisierung nicht gespielt